Computer networks (Record no. 323634)

MARC details
000 -LEADER
fixed length control field 00480nam a2200169Ia 4500
008 - FIXED-LENGTH DATA ELEMENTS--GENERAL INFORMATION
fixed length control field 230718s9999 xx 000 0 und d
041 ## - LANGUAGE CODE
Language code of text/sound track or separate title eng
082 ## - DEWEY DECIMAL CLASSIFICATION NUMBER
Classification number 004.6'5
Item number PET
100 ## - MAIN ENTRY--PERSONAL NAME
Personal name Peterson L.L.
9 (RLIN) 108584
245 ## - TITLE STATEMENT
Title Computer networks
Remainder of title A Systems Approach
250 ## - EDITION STATEMENT
Edition statement 4th ed.
260 ## - PUBLICATION, DISTRIBUTION, ETC. (IMPRINT)
Date of publication, distribution, etc. 2009
Name of publisher, distributor, etc. Moragan Kaufmann Pub
300 ## - PHYSICAL DESCRIPTION
Extent 806
365 ## - TRADE PRICE
Currency code Rs.
Price amount 425.00
700 ## - ADDED ENTRY--PERSONAL NAME
Personal name Peterson L.L. & Davie B.S.
9 (RLIN) 108585
906 ## - LOCAL DATA ELEMENT F, LDF (RLIN)
d O:0047719-Jan-2010B:226316-Dec-2009
c IT
b 212.5
Holdings
Withdrawn status Lost status Damaged status Not for loan Home library Current library Date acquired Vendor Budget Code Cost, normal purchase price Bill number Total Checkouts Full call number Barcode Date last seen Discount Cost, replacement price Bill Date Koha item type Original Barcode
        Cummins College of Engineering for Women Pune Cummins College of Engineering for Women Pune 19/01/2010 Om Book Stall IT 318.75 2263   004.6'5 CCEP-BK-34841 18/07/2023 212.5 425.00 16/12/2009 Books 034841